Normal view
MARC view
Entry Personal Name
001 - CONTROL NUMBER
- control field: 65919
003 - CONTROL NUMBER IDENTIFIER
- control field: BI-BuBU
005 - DATE AND TIME OF LATEST TRANSACTION
- control field: 20130212161809.0
008 - FIXED-LENGTH DATA ELEMENTS
- fixed length control field: 130212|||a|||||| | ||| d
040 ## - CATALOGING SOURCE
- Original cataloging agency: BI-BuBU
- Transcribing agency: BI-BuBU
100 ## - HEADING--PERSONAL NAME
- Personal name: Mpawenayo Balthazar
670 ## - SOURCE DATA FOUND
- Source citation: Work cat.: (BI-BuBU): aut Ninganza,charles 65917, Contribution à l'étude des plantes utilisées dans la médecine vétérinaire traditionnelle au Burundi, 2010
670 ## - SOURCE DATA FOUND
- Source citation: Work cat.: (BI-BuBU): aut Ninganza,charles 65917, Contribution à l'étude des plantes utilisées dans la médecine vétérinaire traditionnelle au Burundi, 2010